Blue Bird (Paradiesvogel) (Record n. 99050)

Dettagli MARC
000 -LEADER
fixed length control field 01693njm a2200349Ia 4500
001 - CONTROL NUMBER
control field 24647
003 - CONTROL NUMBER IDENTIFIER
control field IT-RoPAU
005 - DATE AND TIME OF LATEST TRANSACTION
control field 20220918181112.0
008 - FIXED-LENGTH DATA ELEMENTS--GENERAL INFORMATION
fixed length control field 131025s9999 xx 000 0 und d
040 ## - CATALOGING SOURCE
Original cataloging agency IT-RoPAU
040 ## - CATALOGING SOURCE
Transcribing agency IT-RoPAU
999 ## - SYSTEM CONTROL NUMBERS (KOHA)
Koha Dewey Subclass [OBSOLETE] n.d.
100 ## - MAIN ENTRY--PERSONAL NAME
Personal name AA.VV.
9 (RLIN) 794
100 ## - MAIN ENTRY--PERSONAL NAME
Relator term Autore musica
9 (RLIN) 11270
100 ## - MAIN ENTRY--PERSONAL NAME
Miscellaneous information Codice autore musica SPICS: 12000
9 (RLIN) 796
245 ## - TITLE STATEMENT
Title Blue Bird (Paradiesvogel)
250 ## - EDITION STATEMENT
Edition statement 1a ed.
260 ## - PUBLICATION, DISTRIBUTION, ETC. (IMPRINT)
Place of publication, distribution, etc. ITALIA
260 ## - PUBLICATION, DISTRIBUTION, ETC. (IMPRINT)
Name of publisher, distributor, etc. POLYDOR
Date of publication, distribution, etc. 1982 [1a Ed.:1982]
300 ## - PHYSICAL DESCRIPTION
Extent DISCO
300 ## - PHYSICAL DESCRIPTION
Dimensions 49 minuti (Testo: pag.)
500 ## - GENERAL NOTE
General note Musica strumentale. Arrangiamento.
505 ## - FORMATTED CONTENTS NOTE
Formatted contents note A Morning At Cornwall (5:00) - Proud As A Peacock (4:00) - Love Bird (5:00) - Quiberon (5:00) - The Sandpiper (4:00) - Paradiesvogel (4:00) - Alassio (5:00) - Eisvogel (5:00) - Nightowl(4:00) - Roter Milan(5:00) - Over Valley and Mountain (5:00) - Billy Magee Magar (3:00)
650 ## - SUBJECT ADDED ENTRY--TOPICAL TERM
Topical term or geographic name as entry element ARRANGIAMENTI [DISCHI]
Relator term Codice MATERIA SPICS: 9950
9 (RLIN) 10178
700 ## - ADDED ENTRY--PERSONAL NAME
Personal name Last James
Relator term Interprete
Miscellaneous information Codice interprete SPICS: 10976
9 (RLIN) 11271
700 ## - ADDED ENTRY--PERSONAL NAME
Personal name Last James
Miscellaneous information Codice autore musica SPICS: 10976
Relator term Autore musica
9 (RLIN) 9404
Name of part/section of a work A Morning At Cornwall - Proud As A Peacock - Eisvogel - Over Valley and Mountain
700 ## - ADDED ENTRY--PERSONAL NAME
Personal name Last Ronald
Miscellaneous information Codice autore musica SPICS: 15710
Relator term Autore musica
Name of part/section of a work Love Bird - The Sandpiper - Roter Milan - Billy Magee Magar
9 (RLIN) 11272
700 ## - ADDED ENTRY--PERSONAL NAME
Personal name Eggert Thomas
Miscellaneous information Codice autore musica SPICS: 15725
Relator term Autore musica
Name of part/section of a work Quiberon - Nightowl
9 (RLIN) 11273
700 ## - ADDED ENTRY--PERSONAL NAME
Personal name Frantz K.
Miscellaneous information Codice autore musica SPICS: 27514
Relator term Autore musica
Name of part/section of a work Paradiesvogel
9 (RLIN) 11274
700 ## - ADDED ENTRY--PERSONAL NAME
Personal name Dittrich Oliver
Miscellaneous information Codice autore musica SPICS: 27515
Relator term Autore musica
Name of part/section of a work Alassio
9 (RLIN) 11275
942 ## - ADDED ENTRY ELEMENTS (KOHA)
Koha item type DISCHI
Source of classification or shelving scheme Dewey Decimal Classification
Dati di copia
Withdrawn status Lost status Damaged status Not for loan Home library Current library Date acquired Total Checkouts Full call number Date last seen Price effective from Koha item type Public note
    Buone Condizioni Not For Loan SPICS-MEDIATECA SPICS-MEDIATECA 25/10/2013   24647 25/10/2013 25/10/2013 DISCHI Progr. Ins.: 5342 / N.Vol.: 1 / Copie: 1 - Copia rara: n.d. / date import: 01.01.2014 - By Epidotti, Trombetti, Vaglietti
CREDITS: SOCIETA' SAN PAOLO Via A.Severo, 58 - ROMA (RM) & PERIODICI SAN PAOLO SRL Via Giotto, 36 MILANO & CISF Via Giotto, 36 MILANO & EDIZIONI SAN PAOLO SRL,  Piazza Soncino, 5 CINISELLO BALSAMO (MI) -- ITALY